• 首页
  • 本馆介绍
  • 公告通知
  • 最新文献
  • 馆藏检索
  • 电子资源
  • 读者导购
  • 参考咨询
  • 我的图书馆
  • 登录
  • 详细信息显示
  • 放入我的书架
  • 预约/预借图书
  • 作者相关作品
  • 分类相关作品
  • 丛书相关作品
  • 出版社相关作品

书目信息

  • 表格格式
  • 工作单格式
  • 卡片格式
题名:
社会学教程
    
 
作者: 李路路 , 朱正强 , 刘铎 编著
分册:  
出版信息: 北京   华文出版社  2005.05
页数: 354页
开本: 21cm
丛书名:
单 册:
中图分类: C91-43
科图分类:
主题词: 社会学--教材 , 社会学
电子资源:
ISBN: 7-5075-1538-9
000 00941nam0 2200277 450
001 003092911
005 20060418132623.0
010    @a7-5075-1538-9@dCNY16.90
100    @a20060119d2005 em y0chiy0110 ea
101 0  @achi
102    @aCN@b110000
105    @ay z 000yy
106    @ar
200 1  @a社会学教程@Ashe hui xue jiao cheng@f李路路,朱正强,刘铎编著
210    @a北京@c华文出版社@d2005.05
215    @a354页@d21cm
330    @a本书包括概论、社会化、社会互动、社会群体、社会组织、社区、文化、社会分层与流动、社会制度、社会问题、社会控制、社会变迁和社会现代化等13章,全面介绍和讲解了社会学基本概念和主要理论。
606 0  @a社会学@j教材
606 0  @a社会学
690    @aC91-43@v4
701  0 @a李路路@Ali lu lu@f(1954~)@4编著
701  0 @a朱正强@Azhu zheng qiang@c(社会学)@4编著
701  0 @a刘铎@Aliu duo@c(社会学)@4编著
801  0 @aCN@bJiuFeng@c20060428
905   @aBZT@dC91-43@e1@f10
906    @dCNY16.90@n0@r1
    
    社会学教程/李路路,朱正强,刘铎编著.-北京:华文出版社,2005.05
    354页;21cm
    
    
    ISBN 7-5075-1538-9:CNY16.90
    本书包括概论、社会化、社会互动、社会群体、社会组织、社区、文化、社会分层与流动、社会制度、社会问题、社会控制、社会变迁和社会现代化等13章,全面介绍和讲解了社会学基本概念和主要理论。
●
相关链接 在五车中查询图书 在当当中查询图书 在豆瓣中查询图书


正题名:社会学教程     索取号:C91-43/1         预约/预借

序号 登录号 条形码 馆藏地/架位号 状态 备注
1 736640   2000736640   中心书库南/008架B面3层3列/ [索取号:C91-43/1] 在馆    
2 736641   2000736641   中心书库南/008架B面3层3列/ [索取号:C91-43/1] 在馆    
3 736642   2000736642   中心书库南/008架B面3层3列/ [索取号:C91-43/1] 在馆    
4 736643   2000736643   中心书库南/008架B面3层3列/ [索取号:C91-43/1] 在馆    
5 736644   2000736644   中心书库南/008架B面3层3列/ [索取号:C91-43/1] 在馆    
6 736645   2000736645   中心书库南/008架B面3层3列/ [索取号:C91-43/1] 在馆    
7 736646   2000736646   中心书库南/008架B面3层3列/ [索取号:C91-43/1] 在馆    
8 736647   2000736647   中心书库南/008架B面3层3列/ [索取号:C91-43/1] 在馆    
9 736648   2000736648   中心书库南/008架B面3层3列/ [索取号:C91-43/1] 在馆    
10 736649   2000736649   中心书库南/008架B面3层3列/ [索取号:C91-43/1] 在馆    
山东省滨州职业学院图书馆 欢迎您!
大连网信软件有限公司© 版权所有